000 00261nam a2200121Ia 4500
100 _aShukla M.C
942 _cBK
654 _aAdvanced Accounts
245 _aAdvanced Accounts
260 _bS.Chand & Co. Ltd.
_aNew Delhi
300 _a1382
546 _aENGLISH
999 _c28559
_d28559